Performing capital : toward a cultural economy of popular and global finance (Record no. 34063)

MARC details
000 -LEADER
fixed length control field 00810nam a2200241Ia 4500
008 - FIXED-LENGTH DATA ELEMENTS--GENERAL INFORMATION
fixed length control field 191130s2007##################000#0#eng##
020 ## - INTERNATIONAL STANDARD BOOK NUMBER
International Standard Book Number 9781403977335
022 ## - INTERNATIONAL STANDARD SERIAL NUMBER
International Standard Serial Number 2007004795
040 ## - CATALOGING SOURCE
Original cataloging agency ACL
Transcribing agency ACL
082 ## - DEWEY DECIMAL CLASSIFICATION NUMBER
Classification number 332.042 AIT
100 ## - MAIN ENTRY--PERSONAL NAME
Personal name Aitken, Rob
245 ## - TITLE STATEMENT
Title Performing capital : toward a cultural economy of popular and global finance
Statement of responsibility, etc. Rob Aitken
250 ## - EDITION STATEMENT
Edition statement 1st ed
260 ## - PUBLICATION, DISTRIBUTION, ETC.
Place of publication, distribution, etc. Basingstoke, Hampshire
Name of publisher, distributor, etc. Palgrave Macmillan
Date of publication, distribution, etc. 2007
300 ## - PHYSICAL DESCRIPTION
Extent viii, 247 p. : ill. ; 22 cm
500 ## - GENERAL NOTE
General note Includes bibliographical references (p. [217]-238) and index
650 ## - SUBJECT ADDED ENTRY--TOPICAL TERM
Topical term or geographic name entry element Capitalism - Social aspects
Topical term or geographic name entry element Finance - Social aspects
Topical term or geographic name entry element Whitman College - Memorial bookplates - Class of 1952
990 ## - EQUIVALENCES OR CROSS-REFERENCES [LOCAL, CANADA]
Link information for 9XX fields 197360d0ac10000c7e511d6279dfbae8
991 ## -
-- 144326
Holdings
Withdrawn status Lost status Materials specified (bound volume or other part) Damaged status Not for loan Home library Current library Shelving location Date acquired Total Checkouts Full call number Barcode Date last seen Price effective from Koha item type
    hbk     Anna Centenary Library Anna Centenary Library 4TH FLOOR, A WING 09.10.2020   332.042 AIT 321979 09.10.2020 09.10.2020 English Books

Find us on the map